Bienarte 2003/ (Record no. 2335)
[ view plain ]
| 000 -LEADER | |
|---|---|
| campo de control de longitud fija | 00502nam a22001577a 4500 |
| 003 - IDENTIFICADOR DE NÚMERO DE CONTROL | |
| campo de control | OSt |
| 005 - FECHA Y HORA DE LA ÚLTIMA TRANSACCIÓN | |
| campo de control | 20221021194806.0 |
| 008 - DATOS DE LONGITUD FIJA--INFORMACIÓN GENERAL | |
| campo de control de longitud fija | 221021b |||||||| |||| 00| 0 eng d |
| 040 ## - FUENTE DE CATALOGACIÓN | |
| Centro/agencia transcriptor | Biblioteca LadoV |
| 082 ## - NÚMERO DE LA CLASIFICACIÓN DECIMAL DEWEY | |
| Número de clasificación | 700.74 |
| Número de ítem | D885bie |
| 100 ## - ENTRADA PRINCIPAL--NOMBRE DE PERSONA | |
| 9 (RLIN) | 193 |
| Nombre de persona | Dumani, Alexia |
| Término indicativo de función/relación | coordinación |
| 245 ## - MENCIÓN DEL TÍTULO | |
| Título | Bienarte 2003/ |
| 260 ## - PUBLICACIÓN, DISTRIBUCIÓN, ETC. | |
| Lugar de publicación, distribución, etc. | Costa Rica |
| Nombre del editor, distribuidor, etc. | Galería Nacional, Centro Costarricense de la Ciencia y la Cultura |
| Fecha de publicación, distribución, etc. | 2003 |
| 300 ## - DESCRIPCIÓN FÍSICA | |
| Extensión | 56p. |
| Dimensiones | 23x23cm |
| 942 ## - ELEMENTOS DE ENTRADA SECUNDARIOS (KOHA) | |
| Fuente del sistema de clasificación o colocación | Clasificación Decimal Dewey |
| Tipo de ítem Koha | Libros |
| Parte de la signatura que corresponde a la clasificación (Parte de la clasificación) | 700.74 |
| Parte de la signatura que identifica el ejemplar (Parte del ítem) | D885bie |
| Suprimir en OPAC | No |
| Estatus retirado | Estado de pérdida | Fuente del sistema de clasificación o colocación | Estado de daño | No para préstamo | Biblioteca de origen | Biblioteca actual | Fecha de adquisición | Número de inventario | Total de préstamos | Signatura topográfica completa | Código de barras | Visto por última vez | Precio de reemplazo | Tipo de ítem Koha |
|---|---|---|---|---|---|---|---|---|---|---|---|---|---|---|
| Clasificación Decimal Dewey | Biblioteca LadoV | Biblioteca LadoV | 21/10/2022 | 001976 | 700.75 D885b | 001976 | 21/10/2022 | 21/10/2022 | Libros | |||||
| Clasificación Decimal Dewey | Biblioteca LadoV | Biblioteca LadoV | 21/10/2022 | 001850 | 700.74 D885bi | 001850 | 21/10/2022 | 21/10/2022 | Libros |
